[Event "Bern op"]
[Site "Bern"]
[Date "1994.??.??"]
[Round "7"]
[White "Nemet, Ivan"]
[Black "Arakhamia, Ketevan"]
[Result "1/2-1/2"]
[WhiteElo "2425"]
[BlackElo "2485"]

1.d4 Nf6 2.c4 g6 3.Nc3 Bg7 4.e4 d6 5.Nf3 O-O 6.Be2 e5 7.O-O Nc6 8.d5 Ne7
9.Nd2 a5 10.a3 Nd7 11.Rb1 f5 12.b4 Kh8 13.f3 Ng8 14.Qc2 Ngf6 15.Bd3 f4 16.c5 dxc5
17.Nb5 b6 18.bxa5 Rxa5 19.Nc4 Ra8 20.a4 Ne8 21.a5 Ba6 22.axb6 cxb6 23.Bd2 Bxb5
24.Rxb5 Nc7 25.Rb2 b5 26.Na5 c4 27.Be2 Nc5 28.Nc6 Qd6 29.Kh1 Rfe8 30.Bb4 Bf8
31.Rd1 N7a6 32.Bc3 Nb3 33.Ra2 Bg7 34.Qb2 Kg8 35.h3 Nac5 36.Bb4 Nd4 37.Rda1 Rxa2
38.Qxa2 Nxc6 39.dxc6 Qxc6 40.Bxc4+ bxc4 41.Qxc4+ Kh8 42.Qxc5 Qxc5 43.Bxc5 Bf6
44.Bd6 Rd8 45.Ra6 Kg7 46.Kg1 Kh6 47.Kf1 Rc8 48.Ra7 Rc1+ 49.Ke2 g5 50.Ra6 Kg7
51.Ra5 Rc2+ 52.Kf1 Kg6 53.Bxe5 Bxe5 54.Rxe5 Kh5 55.Kg1 Kh4 56.Kh2 Re2 57.Re7 h5
58.Ra7 Re1 59.Ra8 Re2 60.Re8 Re1 61.e5 Re2 62.e6 Re5 63.Kg1 Re1+ 64.Kf2 Re5
65.e7 Re6  1/2-1/2

[Event "Wch Seniors"]
[Site "Biel"]
[Date "1994.??.??"]
[Round "8"]
[White "Marschall, Josef"]
[Black "Semasev, Kim"]
[Result "0-1"]
[WhiteElo "2065"]
[BlackElo "2330"]

1.d4 Nf6 2.c4 g6 3.Nc3 Bg7 4.e4 d6 5.Nf3 O-O 6.Be2 e5 7.O-O Nc6 8.d5 Ne7
9.Nd2 Ne8 10.b4 f5 11.f3 Bh6 12.Nb3 Bxc1 13.Rxc1 f4 14.c5 g5 15.g4 fxg3 16.hxg3 Ng6
17.Qd2 Rf7 18.Rf2 h5 19.Bb5 Ng7 20.Bf1 h4 21.g4 Qf6 22.a4 Nf4 23.a5 Ngh5
24.gxh5 g4 25.fxg4 Bxg4 26.Kh2 Rg7 27.h6 Qxh6 28.cxd6 cxd6 29.Nb5 a6 30.N5d4 Rf8
31.Ne2 Bxe2 32.Bxe2 Qg6 33.Bc4 Qg3+ 34.Kh1 Qh3+ 35.Rh2 Qf3+  0-1

[Event "Biel op"]
[Site "Biel"]
[Date "1994.??.??"]
[Round "9"]
[White "Lamprecht, Frank"]
[Black "Istratescu, Andrei"]
[Result "0-1"]
[WhiteElo "2340"]
[BlackElo "2515"]

1.d4 Nf6 2.c4 g6 3.Nc3 Bg7 4.e4 O-O 5.Nf3 d6 6.Be2 e5 7.O-O Nc6 8.d5 Ne7
9.b4 a5 10.Ba3 Nh5 11.bxa5 Nf4 12.c5 f5 13.cxd6 cxd6 14.Ng5 Qxa5 15.Bb2 h6
16.Ne6 Nxe6 17.dxe6 Qb4 18.Rb1 Bxe6 19.Nd5 Bxd5 20.exd5 Qa4 21.Bc3 Qxd1 22.Bxd1 Kh8
23.Bb3 e4 24.Bb4 Be5 25.g3 Rfc8 26.Kg2 Ng8 27.f4 exf3+ 28.Kxf3 Nf6 29.h3 h5
30.Rbc1 Kg7 31.Rfd1 Ne4 32.g4 Ng5+ 33.Kg2 hxg4 34.hxg4 fxg4 35.Rh1 Nf3 36.a4 g5  0-1

[Event "Biel op"]
[Site "Biel"]
[Date "1994.??.??"]
[Round "10"]
[White "Nemet, Ivan"]
[Black "Istratescu, Andrei"]
[Result "1-0"]
[WhiteElo "2425"]
[BlackElo "2515"]

1.d4 Nf6 2.c4 g6 3.Nc3 Bg7 4.e4 O-O 5.Nf3 d6 6.Be2 e5 7.O-O Nc6 8.d5 Ne7
9.Nd2 a5 10.a3 Nd7 11.Rb1 f5 12.b4 Kh8 13.Qc2 Ng8 14.f3 Ngf6 15.Bd3 f4 16.c5 dxc5
17.Nb5 b6 18.bxa5 Rxa5 19.Nc4 Ra8 20.a4 Ne8 21.a5 h5 22.Bd2 g5 23.Be2 Rf6
24.axb6 cxb6 25.Ra1 Rb8 26.Bc3 Rg6 27.Qb2 g4 28.Na7 Qh4 29.Nxc8 Rxc8 30.Ra7 Nef6
31.Nxe5 Nxe5 32.Bxe5 Rg8 33.Rf7 gxf3 34.Bxf3 Ng4 35.Bxg4 Qxg4 36.R1xf4 Qd1+
37.Rf1 Qd3 38.Bxg7+ R8xg7 39.Rxg7 Rxg7 40.Rf7  1-0

[Event "DLM"]
[Site "Binz"]
[Date "1994.??.??"]
[Round "5"]
[White "Hammes, Michael"]
[Black "Hausrath, Daniel"]
[Result "1/2-1/2"]
[WhiteElo "2230"]
[BlackElo "2320"]

1.d4 Nf6 2.c4 g6 3.Nc3 Bg7 4.e4 d6 5.Nf3 O-O 6.Be2 e5 7.O-O Nc6 8.d5 Ne7
9.Nd2 c5 10.dxc6 bxc6 11.Nb3 Be6 12.f4 Qb6+ 13.Kh1 Rad8 14.fxe5 dxe5 15.Qe1 Nd7
16.Qh4 f6 17.Rf3 g5 18.Qf2 g4 19.Qxb6 axb6 20.Rf1 Nc8 21.Be3 Nd6 22.c5 Nc4
23.Bxc4 Bxc4 24.cxb6 Bxf1 25.Rxf1 Rb8 26.Na5 Nxb6 27.Nxc6 Nc4 28.Nxb8 Nxe3
29.Re1 Rxb8 30.Rxe3 Rxb2 31.h3 Bh6 32.Re2 Bd2 33.Nd1 Rxa2 34.hxg4 Kf7 35.g3 Kg6
36.Kg2 Kg5 37.Ne3 Bxe3 38.Rxa2 Kxg4 39.Ra8  1/2-1/2

[Event "Bled op"]
[Site "Bled"]
[Date "1994.??.??"]
[Round "?"]
[White "Doric, Nenad"]
[Black "Bukic, Enver"]
[Result "1/2-1/2"]
[WhiteElo "2285"]
[BlackElo "2445"]

1.d4 Nf6 2.c4 g6 3.Nc3 Bg7 4.e4 d6 5.Nf3 O-O 6.Be2 e5 7.O-O Nc6 8.d5 Ne7
9.Nd2 Ne8 10.b4 f5 11.c5 Kh8 12.Nc4 Ng8 13.f3 f4 14.a4 h5 15.Ba3 g5 16.b5 Nh6
17.g4 hxg4 18.fxg4 dxc5 19.Bxc5 Rg8 20.h3 Nf7 21.a5 Bf8 22.Bf2 Ned6 23.Nd2 Kg7
24.Na4 Ne8 25.Nc4 Ned6 26.Nd2 Ne8 27.Nc4 Bd6 28.Qb3 Nf6 29.Bf3 Qe7 30.Rac1 Bd7
31.Nxd6 cxd6 32.Rc7 Rgb8 33.Rfc1 Ne8 34.R7c2 Qd8 35.Qb4 Rc8 36.Rxc8 Bxc8
37.Nb2 Bd7 38.Kg2 a6 39.Bb6 Qb8 40.Be2 Kg6 41.Rc3 Kf6 42.Bf1 Ke7  1/2-1/2

[Event "Bled op"]
[Site "Bled"]
[Date "1994.??.??"]
[Round "?"]
[White "Cebalo, Miso"]
[Black "Tratar, Marko"]
[Result "1-0"]
[WhiteElo "2520"]
[BlackElo "2380"]

1.d4 Nf6 2.Nf3 g6 3.c4 Bg7 4.Nc3 O-O 5.e4 d6 6.Be2 e5 7.O-O Nc6 8.Be3 Re8
9.dxe5 dxe5 10.h3 Be6 11.c5 a6 12.Qa4 Qe7 13.Rfd1 Rad8 14.Bc4 Nd4 15.Bxe6 Nxf3+
16.gxf3 Qxe6 17.Kg2 c6 18.Qb4 Rxd1 19.Rxd1 Qe7 20.Na4 Nh5 21.Nb6 Nf4+ 22.Bxf4 exf4
23.Rd7 Qg5+ 24.Kf1 Rd8 25.Qb3 Rxd7 26.Nxd7 Qh4 27.Qxb7 h5 28.Qb8+ Kh7 29.Qd6 Bxb2
30.Ke2 Bg7 31.a3 Qxh3 32.Qxc6 g5 33.Nf6+ Kg6 34.Qd7  1-0

[Event "Bled op"]
[Site "Bled"]
[Date "1994.??.??"]
[Round "?"]
[White "Arlandi, Ennio"]
[Black "Markun, Bostjan"]
[Result "1-0"]
[WhiteElo "2430"]
[BlackElo "2280"]

1.d4 Nf6 2.c4 g6 3.Nc3 Bg7 4.e4 d6 5.Nf3 O-O 6.Be2 e5 7.O-O Nc6 8.d5 Ne7
9.Nd2 a5 10.a3 Nd7 11.Rb1 f5 12.f3 f4 13.b4 axb4 14.axb4 g5 15.Qc2 Nf6 16.c5 h5
17.Nb5 Ne8 18.Bb2 Ng6 19.Ra1 Rxa1 20.Rxa1 c6 21.Nxd6 Nxd6 22.cxd6 g4 23.dxc6 Qxd6
24.b5 Nh4 25.Kh1 bxc6 26.bxc6 Qg6 27.Bf1 g3 28.Ba3 Re8 29.c7 gxh2 30.Kxh2 Qg3+
31.Kh1 Qf2 32.Bc5 Qg3 33.Bg1 Kh8 34.Ra8 Rg8 35.Qb3 Bf6 36.Qf7 Qg5 37.Bf2 Nxg2
38.Rxc8 Rxc8 39.Bxg2 h4 40.Bh3 Rg8 41.Qxg8+ Qxg8 42.c8=Q Qd8 43.Nc4  1-0

[Event "Bled op (Women)"]
[Site "Bled"]
[Date "1994.??.??"]
[Round "?"]
[White "Prudnikova, Svetlana"]
[Black "Grabics, Monika"]
[Result "1-0"]
[WhiteElo "2390"]
[BlackElo "2295"]

1.d4 Nf6 2.c4 g6 3.Nc3 Bg7 4.e4 d6 5.Nf3 O-O 6.Be2 e5 7.O-O Nc6 8.d5 Ne7
9.Nd2 a5 10.a3 Nd7 11.Rb1 f5 12.b4 Kh8 13.Qc2 Ng8 14.exf5 gxf5 15.f4 e4 16.Bb2 Nh6
17.Nd1 Rg8 18.Ne3 Qh4 19.c5 dxc5 20.bxc5 Bxb2 21.Qxb2+ Rg7 22.Qd4 Nf6 23.Ndc4 Nhg8
24.d6 Rg6 25.Ne5 Rg7 26.Bc4 Qh5 27.Nd5 Ng4 28.Nxg4 Qxg4 29.Rf2 cxd6 30.cxd6 b5
31.Bxb5 Rb8 32.a4 Bd7 33.Rb3 Bxb5 34.axb5 Qh5 35.Rg3 Rb7 36.Nc7 Qf7 37.Rxg7 Qxg7
38.Qxg7+ Kxg7 39.d7  1-0

[Event "Boylston CC-ch"]
[Site "Boylston"]
[Date "1994.??.??"]
[Round "4"]
[White "Paschall, William M"]
[Black "Resika, Nathan A"]
[Result "1/2-1/2"]
[WhiteElo "2230"]
[BlackElo "2250"]

1.d4 Nf6 2.c4 g6 3.Nc3 Bg7 4.e4 d6 5.Be2 O-O 6.Nf3 e5 7.O-O Nc6 8.d5 Ne7
9.b4 Nh5 10.c5 Nf4 11.Bxf4 exf4 12.Rc1 a5 13.cxd6 cxd6 14.Nb5 axb4 15.Qd2 Bg4
16.Qxb4 Bxf3 17.Bxf3 Be5 18.a4 Qa5 19.Qxa5 Rxa5 20.Rc7 Nc8 21.Rxb7 Rxa4 22.Rb1 Re8
23.h3 Ne7 24.Rd7 f5 25.exf5 Nxf5 26.Bg4 Rb8 27.Bxf5 gxf5 28.Rc1 Ra5 29.Na7 Ra8
30.Nc6 Ra1 31.Rxa1 Rxa1+ 32.Kh2 Ra2 33.Nxe5 dxe5 34.Re7 Rxf2 35.d6 Kf8 36.Rxe5 Rd2
37.Rxf5+ Kg7 38.Rxf4 Rxd6 39.Rg4+ Kf6 40.Kg3 Rd5 41.Kh4 Ra5 42.Rg8 Kf7 43.Rg5 Ra4+
44.Kh5 Ra6 45.h4 Rb6 46.g4 h6 47.Ra5 Kg7 48.Ra7+ Kg8 49.Re7 Ra6 50.g5 hxg5
51.hxg5 Rb6 52.Ra7 Rc6 53.g6 Rc1 54.Kh6 Rh1+ 55.Kg5 Rg1+ 56.Kf6 Rf1+ 57.Ke7 Kg7  1/2-1/2

[Event "Slovan op"]
[Site "Bratislava"]
[Date "1994.??.??"]
[Round "?"]
[White "Zagorskis, Darius"]
[Black "Gazik, Igor"]
[Result "1-0"]
[WhiteElo "2450"]
[BlackElo "2410"]

1.d4 Nf6 2.c4 g6 3.Nc3 Bg7 4.e4 d6 5.Nf3 O-O 6.Be2 e5 7.O-O Nc6 8.d5 Ne7
9.b4 Nh5 10.Nd2 Nf4 11.Bf3 g5 12.a4 Neg6 13.g3 Nh3+ 14.Kh1 Qd7 15.Bg2 g4
16.Bxh3 gxh3 17.c5 a5 18.Ba3 axb4 19.Bxb4 dxc5 20.Bxc5 Rd8 21.Nc4 Kh8 22.Ne3 b6
23.Bb4 Ba6 24.Re1 Rac8 25.Qh5 c6 26.Rad1 cxd5 27.Rxd5 Qe6 28.Red1 Rxd5 29.exd5 Qd7
30.Ne4 Kg8 31.Ng5 h6 32.Qxh3 Qc7 33.Ne4 Be2 34.Nd6 Ra8 35.Re1 Bf3+ 36.Kg1 Qd8
37.Nxf7 Qf6 38.Nxh6+ Bxh6 39.Qxh6 Rxa4 40.Be7 Qf7 41.d6 Nxe7 42.dxe7 Qxe7
43.Qg6+ Kf8 44.Qf5+ Qf7 45.Qxe5 Re4 46.Qh8+ Qg8 47.Qf6+ Qf7 48.Qxb6 Re6  1-0

[Event "Bratislava op"]
[Site "Bratislava"]
[Date "1994.??.??"]
[Round "6"]
[White "Kebis, Milos"]
[Black "Majzlan, Igor"]
[Result "0-1"]
[WhiteElo "2210"]
[BlackElo "2225"]

1.d4 Nf6 2.Nf3 g6 3.c4 Bg7 4.Nc3 O-O 5.e4 d6 6.Be2 e5 7.O-O Nc6 8.Bg5 exd4
9.Nd5 h6 10.Nxf6+ Bxf6 11.Bxh6 Re8 12.Nd2 Kh7 13.Bf4 Be5 14.Bg3 Kg7 15.f4 Bf6
16.a3 d3 17.Bxd3 Bxb2 18.Ra2 Bd4+ 19.Kh1 Bf6 20.Nf3 Bg4 21.h3 Rh8 22.Qb1 Rb8
23.e5 dxe5 24.fxe5 Be7 25.Rd2 Bxf3 26.Rxf3 Nd4 27.Be4 c5 28.e6 f5 29.Bxb8 Qxb8
30.Rf1 b6 31.Bd5 Qe5 32.Qe1 Qf6 33.Rd3 Bd6 34.a4 g5 35.Qe3 g4 36.Qe1 f4 37.Qe4 Nf5
38.Rxf4 Qa1+ 39.Kh2 Qf1 40.Rf3 gxf3  0-1

[Event "Brno-C"]
[Site "Brno"]
[Date "1994.??.??"]
[Round "1"]
[White "Stocek, Jiri"]
[Black "Ramik, Zdenek"]
[Result "1-0"]
[WhiteElo "2350"]
[BlackElo "2315"]

1.d4 g6 2.c4 Bg7 3.Nc3 d6 4.Nf3 Nf6 5.e4 O-O 6.Be2 e5 7.O-O Nc6 8.d5 Ne7
9.Ne1 Nd7 10.Be3 f5 11.f3 Nf6 12.c5 f4 13.Bf2 g5 14.Rc1 Ng6 15.cxd6 cxd6
16.Nb5 g4 17.Nc7 g3 18.Nxa8 Nh5 19.Kh1 gxf2 20.Rxf2 Bf6 21.Bb5 a6 22.Rfc2 Bd7
23.Bxd7 Qxa8 24.Be6+ Kh8 25.Nd3 Bd8 26.Qg1 b5 27.Bg4 Nf6 28.Bh3 Qb7 29.Rc6 Ne8
30.Be6 a5 31.a4 bxa4 32.Qd1 Qe7 33.Rc8 Nf6 34.Qxa4 Nh5 35.Qd7 Qh4 36.Bh3 Qf6
37.Qe6  1-0

[Event "Brno-C"]
[Site "Brno"]
[Date "1994.??.??"]
[Round "2"]
[White "Kargoll, Boris"]
[Black "Stocek, Jiri"]
[Result "1/2-1/2"]
[WhiteElo "2280"]
[BlackElo "2350"]

1.d4 Nf6 2.Nf3 g6 3.c4 Bg7 4.Nc3 O-O 5.e4 d6 6.Be2 e5 7.O-O Nc6 8.d5 Ne7
9.Ne1 Ne8 10.Nd3 f5 11.f3 h5 12.exf5 gxf5 13.f4 e4 14.Nf2 h4 15.Be3 c5 16.Qd2 Rf6
17.Kh1 Rh6 18.Rab1 Ng6 19.b4 b6 20.bxc5 bxc5 21.Nh3 Nf8 22.Rb3 Nh7 23.Rfb1  1/2-1/2

[Event "Brno-C"]
[Site "Brno"]
[Date "1994.??.??"]
[Round "5"]
[White "Stocek, Jiri"]
[Black "Nedela, Vlastimil"]
[Result "1-0"]
[WhiteElo "2350"]
[BlackElo "2405"]

1.d4 g6 2.c4 Bg7 3.Nc3 d6 4.Nf3 Nf6 5.e4 O-O 6.Be2 e5 7.O-O Nc6 8.d5 Ne7
9.Ne1 Nd7 10.Be3 f5 11.f3 f4 12.Bf2 g5 13.a4 Ng6 14.a5 Rf7 15.Nb5 Nf6 16.Nxa7 g4
17.Nxc8 g3 18.hxg3 fxg3 19.Bxg3 Rxc8 20.Nd3 h5 21.Qe1 Bh6 22.f4 Rg7 23.Bd1 h4
24.Bxh4 exf4 25.Bg4 Nxg4 26.Bxd8 Rxd8 27.Qe2 Ne3 28.Qh5 Kh7 29.Nxf4 Ne5 30.Ne6 Rxg2+
31.Kh1 Rdg8 32.Rg1 Nd3 33.Rxg2 Rxg2 34.Qf7+ Bg7 35.Rf1 Rg4 36.Qh5+ Kg8 37.Rf3 Ne5
38.Rxe3  1-0

[Event "Bucharest-B (Women)"]
[Site "Bucharest"]
[Date "1994.??.??"]
[Round "?"]
[White "Teodorescu, Margareta"]
[Black "Dekusar, Maria"]
[Result "0-1"]
[WhiteElo "2095"]
[BlackElo "2135"]

1.c4 Nf6 2.Nc3 g6 3.e4 d6 4.Nf3 Bg7 5.Be2 O-O 6.O-O e5 7.d4 Nc6 8.dxe5 dxe5
9.Be3 Bg4 10.h3 Bxf3 11.Bxf3 Nd4 12.Be2 c6 13.Re1 Nd7 14.Bf1 Nc5 15.b4 Nce6
16.a4 Qe7 17.Qb1 a5 18.b5 Rfd8 19.Qb2 Bf8 20.Red1 Qb4 21.Rdb1 Qxb2 22.Rxb2 Bb4
23.Ne2 Nc5 24.Ng3 Bc3 25.Rbb1 Bxa1 26.Rxa1 Nc2 27.Ra2 Nxe3 28.fxe3 h5 29.h4 Rd1
30.Kf2 Rad8 31.Kf3  0-1

[Event "Ciocaltea mem"]
[Site "Bucharest"]
[Date "1994.??.??"]
[Round "3"]
[White "Grigore, George"]
[Black "Milu, Romeo Sorin"]
[Result "1-0"]
[WhiteElo "2455"]
[BlackElo "2430"]

1.d4 Nf6 2.c4 g6 3.Nc3 Bg7 4.e4 d6 5.Be2 O-O 6.Nf3 e5 7.O-O Nc6 8.d5 Ne7
9.Nd2 a5 10.a3 Nd7 11.Rb1 f5 12.b4 Kh8 13.f3 Ng8 14.Qc2 Ngf6 15.Bd3 f4 16.Nb5 b6
17.Bb2 Ne8 18.Bc3 a4 19.Bb2 h5 20.Nc3 g5 21.Nxa4 g4 22.c5 Rg8 23.cxb6 cxb6
24.Bb5 Rb8 25.Nc4 Kh7 26.fxg4 hxg4 27.g3 f3 28.Bc1 Bh6 29.Bxh6 Kxh6 30.Qd2+ Kg6
31.Qe3 Rh8 32.Rb2 Rh3 33.Bxd7 Bxd7 34.Naxb6 Nf6 35.a4 Qe7 36.Nxd7 Qxd7 37.b5 Rbh8
38.Qb6 Qh7 39.Qxd6 Rxh2 40.Nxe5+ Kg5 41.Nf7+ Qxf7 42.Qf4+ Kg6 43.Rxh2 Qa7+
44.Rhf2 Rh5 45.e5 Rf5 46.Qb4 Rxe5 47.b6 Qb8 48.Qf4 Nh5 49.Qxg4+ Rg5 50.Qe4+ Kh6
51.Qe6+ Kh7 52.Rxf3 Rxg3+ 53.Kh1 Rg6 54.Qe7+ Kh6 55.Qe3+ Kh7 56.Rh3  1-0

[Event "ROM-ch"]
[Site "Bucharest"]
[Date "1994.??.??"]
[Round "7"]
[White "Grigore, George"]
[Black "Vasiesiu, Dan"]
[Result "1-0"]
[WhiteElo "2440"]
[BlackElo "2415"]

1.d4 Nf6 2.c4 g6 3.Nc3 Bg7 4.e4 d6 5.Be2 O-O 6.Nf3 e5 7.O-O Nc6 8.d5 Ne7
9.Nd2 a5 10.a3 Nd7 11.Rb1 f5 12.b4 Kh8 13.f3 Ng8 14.Qc2 axb4 15.axb4 Nh6
16.Nb5 Nf6 17.c5 Ne8 18.Bb2 g5 19.Ra1 Rb8 20.Na7 Bd7 21.Bb5 Bxb5 22.Nxb5 f4
23.Nc4 g4 24.Ra7 Nf7 25.Na5 Rg8 26.fxg4 Bf8 27.Nxb7 Qc8 28.cxd6 Rxb7 29.d7 Qxd7
30.Rxb7 Qxg4 31.Nxc7 Ned6 32.Rb8 f3 33.Ne6 Nc4 34.Rxf8 Rxf8 35.Rxf3  1-0

[Event "ROM-ch"]
[Site "Bucharest"]
[Date "1994.??.??"]
[Round "9"]
[White "Dumitrache, Dragos"]
[Black "Vasiesiu, Dan"]
[Result "1-0"]
[WhiteElo "2475"]
[BlackElo "2415"]

1.d4 Nf6 2.c4 g6 3.Nc3 Bg7 4.e4 d6 5.Be2 O-O 6.Nf3 e5 7.O-O Nc6 8.d5 Ne7
9.Nd2 a5 10.a3 Nd7 11.Rb1 f5 12.b4 Kh8 13.f3 axb4 14.axb4 c6 15.Kh1 Nf6 16.Nb3 cxd5
17.cxd5 Neg8 18.Na5 Nh5 19.Be3 Bh6 20.Bf2 Ngf6 21.Nc4 Nf4 22.Rb2 N6h5 23.Nb6 Nxe2
24.Qxe2 Ra6 25.b5 Ra3 26.Qc4 fxe4 27.Nxe4 Nf4 28.Nxc8 Qxc8 29.Nxd6 Qxc4 30.Nxc4 Rd3
31.d6 Rd8 32.Bb6 Ne6 33.Re1 Bg7 34.Rbb1 Rc8 35.Bc7 Nxc7 36.Nb6 Nxb5 37.Nxc8 Nxd6
38.Red1 Rxd1+ 39.Rxd1 Nf7 40.Rd7 Kg8 41.Rxb7 Bf8 42.Kg1 Bc5+ 43.Kf1 Kg7 44.Rc7 Ba3
45.Nb6 Kf6 46.Nc4 Bb4 47.Rb7 Bc5 48.Nd2 Bd4 49.Ne4+ Ke6 50.Ke2 h5 51.Rc7 Nh6
52.Rc6+ Kf7 53.Ng5+  1-0

[Event "Budapest FS03 IM-B"]
[Site "Budapest"]
[Date "1994.??.??"]
[Round "1"]
[White "Meyer, P."]
[Black "Kerek, Csaba"]
[Result "1-0"]
[WhiteElo "2345"]
[BlackElo "2150"]

1.Nf3 Nf6 2.c4 g6 3.Nc3 Bg7 4.e4 d6 5.d4 O-O 6.Be2 e5 7.O-O Nc6 8.Be3 Re8
9.dxe5 dxe5 10.c5 a6 11.h3 h6 12.Qc2 Qe7 13.Rfd1 Be6 14.Rd2 Rad8 15.Rad1 Rxd2
16.Rxd2 Rd8 17.Rxd8+ Qxd8 18.Qa4 Qd7 19.Bd1 Qd3 20.Bb3 Qd7 21.Bxe6 Qxe6 22.Nd2 Ne7
23.Qb4 Qc6 24.Nb3 Nh5 25.Na5 Qd7 26.Qxb7 Nf4 27.Qxa6 g5 28.Qb5 c6 29.Qb7 Qe6
30.Qb8+ Kh7 31.Qd6 h5 32.b4 Bf8 33.Qxe6 Nxe6 34.Nc4 Ng6 35.a4 Nd4 36.a5  1-0

[Event "Budapest FS02 GM"]
[Site "Budapest"]
[Date "1994.??.??"]
[Round "2"]
[White "Lukacs, Peter"]
[Black "Grivas, Efstratios"]
[Result "1/2-1/2"]
[WhiteElo "2485"]
[BlackElo "2505"]

1.d4 Nf6 2.c4 g6 3.Nc3 Bg7 4.e4 d6 5.Nf3 O-O 6.Be2 e5 7.O-O Nc6 8.d5 Ne7
9.Nd2 a5 10.a3 Bd7 11.Rb1 a4 12.Ra1 b6 13.b4 axb3 14.a4 Qe8 15.Qxb3 Bh6 16.Qc2 Nh5
17.Bxh5 gxh5 18.Nb5 Rc8 19.Na7 Ra8 20.Nb5 Rc8 21.Na7  1/2-1/2

[Event "Budapest FS02 GM"]
[Site "Budapest"]
[Date "1994.??.??"]
[Round "2"]
[White "Siebrecht, Sebastian"]
[Black "Loginov, Valery A"]
[Result "0-1"]
[WhiteElo "2360"]
[BlackElo "2540"]

1.d4 Nf6 2.Nf3 g6 3.c4 Bg7 4.Nc3 O-O 5.e4 d6 6.Be2 e5 7.O-O Nc6 8.d5 Ne7
9.Ne1 Nd7 10.Be3 f5 11.f3 f4 12.Bf2 h5 13.a4 g5 14.a5 Ng6 15.Nb5 Nf6 16.Nxa7 Bd7
17.c5 g4 18.c6 g3 19.hxg3 fxg3 20.Bxg3 h4 21.Bf2 bxc6 22.Nxc6 Bxc6 23.dxc6 Nh5
24.Bc4+ Kh8 25.f4 Ngxf4 26.Qg4 Bf6 27.Nf3 Qe7 28.a6 Qh7 29.Ng5 Bxg5 30.Qxg5 Rf6
31.Rfe1 Rg6 32.Qf5 Ng7 33.Qf7 Qh5 34.Kf1 Qg4 35.Qxg6 Qxg6  0-1

[Event "Budapest FS03 IM-A"]
[Site "Budapest"]
[Date "1994.??.??"]
[Round "3"]
[White "Remling, Christian"]
[Black "Grabics, Monika"]
[Result "0-1"]
[WhiteElo "2305"]
[BlackElo "2295"]

1.d4 Nf6 2.Nf3 g6 3.c4 Bg7 4.Nc3 O-O 5.e4 d6 6.Be2 e5 7.O-O Nc6 8.d5 Ne7
9.b4 Nh5 10.c5 f5 11.exf5 e4 12.Nd4 Nxf5 13.Nxf5 Bxf5 14.Bd2 Qh4 15.Bxh5 gxh5
16.Qe1 Be5 17.f4 Bd4+ 18.Kh1 Qxe1 19.Raxe1 e3 20.Rxe3 Bxe3 21.Bxe3 Rae8 22.Re1 dxc5
23.bxc5 Bd3 24.g3 Rf5 25.Kg1 Bc4 26.d6 cxd6 27.cxd6 b6 28.Rd1 Rd8 29.Rd4 Bb5
30.a4 Bc6 31.Bc1 Rc5 32.Bb2 Kf7 33.Kf2 a6 34.Ke3 Ke6 35.Kd3 b5 36.Ba3 Rf5
37.axb5 Bxb5+ 38.Nxb5 Rxb5 39.Ke4 Kd7 40.Rc4 Rc8 41.Ra4 a5 42.f5 Re8+ 43.Kf4 Rf8
44.Rc4 Rfxf5+ 45.Ke4 Ke6 46.Rc7 Rfe5+ 47.Kf4 Rf5+ 48.Ke4 Rb1 49.Re7+ Kf6
50.Rxh7 Re5+ 51.Kd4 Rbe1 52.Kc4 R1e4+ 53.Kb3 Kg6 54.Re7 Rxe7 55.dxe7 Kg5
56.Bd6 Kf6 57.Ka3 Kf7 58.Kb3 Re2 59.h3 Rd2 60.Bf4 Rh2 61.Ka4 Rxh3 62.Bd6 Rh1
63.Kxa5 Rd1 64.Bf4 Kxe7 65.Kb5 Ke6 66.Kc4 Kf5 67.Bb8 Kg4 68.Kc3 Rg1 69.Kd2 Rxg3
70.Ke2 Rg2+ 71.Kf1 Kf3  0-1

[Event "Budapest FS12 GM"]
[Site "Budapest"]
[Date "1994.??.??"]
[Round "3"]
[White "Lukacs, Peter"]
[Black "Szuk, Balazs"]
[Result "1-0"]
[WhiteElo "2490"]
[BlackElo "2335"]

1.d4 Nf6 2.c4 g6 3.Nc3 Bg7 4.e4 d6 5.Nf3 O-O 6.Be2 e5 7.O-O Nc6 8.d5 Ne7
9.Nd2 c6 10.a3 Ne8 11.b4 cxd5 12.cxd5 f5 13.f3 Bd7 14.Nc4 Rc8 15.a4 f4 16.Bd2 h5
17.Kh1 Ra8 18.Be1 g5 19.Ra3 Rf7 20.Bf2 Bf8 21.Na5 Nc8 22.Nxb7 Qf6 23.Na5 a6
24.b5 Rg7 25.bxa6 Nc7 26.Nb5 Nxa6 27.h3 Qh6 28.Kg1 Nc5 29.Bxc5 dxc5 30.Nc4 Nd6
31.Nc7 Rd8 32.Ne6 Bxe6 33.dxe6 Qxe6 34.Rd3 Nxc4 35.Rxd8 Ne3 36.Qc1 Qb6 37.Bc4+ Kh7
38.Rxf8 g4 39.hxg4 hxg4 40.fxg4 Rxg4 41.Rf7+ Kh8 42.Rf2 Qh6 43.Rb2 Rg8 44.Rh7+  1-0

[Event "Budapest FS10 IM-B"]
[Site "Budapest"]
[Date "1994.??.??"]
[Round "3"]
[White "Stocek, Jiri"]
[Black "Farago, Sandor"]
[Result "1-0"]
[WhiteElo "2350"]
[BlackElo "2360"]

1.d4 Nf6 2.c4 g6 3.Nc3 Bg7 4.e4 d6 5.Be2 O-O 6.Nf3 e5 7.O-O Nc6 8.d5 Ne7
9.Ne1 Ne8 10.Nd3 f5 11.exf5 gxf5 12.f4 e4 13.Nf2 c6 14.dxc6 bxc6 15.Be3 Nc7
16.Qd2 d5 17.Rad1 Be6 18.Bd4 Bxd4 19.Qxd4 Bf7 20.g3 Ne6 21.Qf6 Qd7 22.cxd5 cxd5
23.Ncxe4 Bg6 24.Bb5 fxe4 25.Ng4 Rxf6 26.Nxf6+ Kg7 27.Nxd7 Bh5 28.f5 Nxf5
29.Rxd5 Ned4 30.Rfxf5 Nxf5 31.Rxf5 Bd1 32.Kf2 Rc8 33.Rc5 Re8 34.Ke3 Re6 35.Re5 Rd6
36.Rxe4 a6 37.Re7+ Kh6 38.Bd3  1-0

[Event "Budapest FS09 GM"]
[Site "Budapest"]
[Date "1994.??.??"]
[Round "3"]
[White "Knuth, Hannes"]
[Black "Manor, Ilan"]
[Result "0-1"]
[WhiteElo "2350"]
[BlackElo "2485"]

1.d4 Nf6 2.c4 g6 3.Nc3 Bg7 4.e4 O-O 5.Be2 d6 6.Nf3 e5 7.O-O Nc6 8.d5 Ne7
9.Ne1 Ne8 10.Nd3 f5 11.f4 c6 12.fxe5 dxe5 13.Qb3 cxd5 14.exd5 Kh8 15.Nf2 b6
16.a4 f4 17.a5 bxa5 18.Qa3 Nf5 19.Qxa5 Qh4 20.Qc5 Nd4 21.Nd3 Bf5 22.Nxe5 Nb3
23.Nf3 Qf6 24.Qf2 Nxa1 25.Bxf4 Nb3 26.Be5 Qb6 27.Bd1 Qxf2+ 28.Rxf2 Nc5 29.Bxg7+ Kxg7
30.Nd4 Nd6 31.b4 Nd3 32.Rd2 Nxb4 33.c5 Nc4 34.Rf2 Ne3 35.Bf3 Rad8 36.d6 Nd3
37.Re2 Nxc5 38.Rxe3 Rxd6 39.Ncb5 Rd7 40.Bc6 Rdd8 41.Re7+ Rf7 42.Nxf5+ gxf5
43.Rxf7+ Kxf7 44.Nxa7 Kf6 45.Bf3 Ne4 46.h4 Ng3 47.Nc6 Rd2 48.Nb4 f4 49.Nd5+ Ke5
50.Nc3 Kd4 51.Nd1 Rc2 52.Kh2 h5 53.Kh3 Rc5 54.Kh2 Re5  0-1

[Event "Budapest FS02 IM-A"]
[Site "Budapest"]
[Date "1994.??.??"]
[Round "4"]
[White "Zimmerman, Yuri"]
[Black "Schneider, Attila"]
[Result "1-0"]
[WhiteElo "2345"]
[BlackElo "2380"]

1.d4 Nf6 2.c4 g6 3.Nc3 Bg7 4.e4 d6 5.Nf3 O-O 6.Be2 e5 7.O-O Nc6 8.d5 Ne7
9.Ne1 Nd7 10.Be3 f5 11.f3 f4 12.Bf2 g5 13.a4 Ng6 14.a5 h5 15.Nd3 Nf6 16.c5 g4
17.cxd6 cxd6 18.Nb5 g3 19.Bxa7 Nh7 20.Qd2 Qh4 21.h3 Bxh3 22.gxh3 Ng5 23.Bb6 Qxh3
24.Bd1 Nh4 25.Ne1 Qd7 26.Nc7 Nh3+ 27.Kh1 Nf2+ 28.Rxf2 gxf2 29.Bxf2 Qxc7 30.Bxh4 Bf6
31.Ng2 Kh7 32.Be2 Qd7 33.Kh2 Rg8 34.Bxf6 Rg3 35.Nxf4 exf4 36.Bf1 Rf8 37.Bh4 Rxf3
38.Bg2 Re3 39.Rf1 Qg4 40.Bf2 Re2 41.Qd3 f3 42.Bh3 Qf4+ 43.Kh1 Rg8 44.e5+ Kh6
45.exd6 Rg3 46.Qf5  1-0

[Event "Budapest Spring op"]
[Site "Budapest"]
[Date "1994.??.??"]
[Round "4"]
[White "Gyimesi, Zoltan"]
[Black "Kahn, Evarth"]
[Result "1/2-1/2"]
[WhiteElo "2360"]
[BlackElo "2325"]

1.d4 Nf6 2.c4 g6 3.Nc3 Bg7 4.e4 O-O 5.Nf3 d6 6.Be2 e5 7.O-O Nc6 8.d5 Ne7
9.Ne1 Nd7 10.Nd3 f5 11.Bd2 Nf6 12.f3 f4 13.g4 g5 14.Be1 h5 15.h3 Kf7 16.Kg2 Rh8
17.Bf2 Rh6 18.c5 Bd7 19.cxd6 cxd6 20.Rh1 Qh8 21.Qb3 Qh7 22.Nxe5+ dxe5 23.d6+ Kg6
24.Bc4 Bf8 25.dxe7 Bxe7 26.Be6 hxg4 27.Bxd7 gxf3+ 28.Kxf3 Nxd7 29.Qe6+ Nf6
30.Rag1 Rh5 31.Nd5 Bd8 32.h4 Qd7 33.Qxd7 Nxd7 34.hxg5 Rxh1 35.Rxh1 Bxg5  1/2-1/2

[Event "Budapest FS09 IM-A"]
[Site "Budapest"]
[Date "1994.??.??"]
[Round "4"]
[White "Dudas, Janos"]
[Black "Rajcsanyi, Zita"]
[Result "1-0"]
[WhiteElo "2325"]
[BlackElo "2225"]

1.d4 Nf6 2.Nf3 g6 3.c4 Bg7 4.Nc3 O-O 5.e4 d6 6.Be2 e5 7.O-O Nc6 8.d5 Ne7
9.Ne1 Ne8 10.f3 f5 11.g4 Nf6 12.Nd3 c6 13.Be3 f4 14.Bf2 g5 15.h3 Ng6 16.Kg2 Nh4+
17.Bxh4 gxh4 18.dxc6 bxc6 19.c5 d5 20.Nb4 dxe4 21.Nxc6 Qe8 22.Qd6 Bb7 23.Bb5 exf3+
24.Kg1 Bxc6 25.Bxc6 Qb8 26.Bxa8 Qxb2 27.Bxf3 Qxc3 28.g5 Ne8 29.Qd5+ Kh8 30.Rac1 Qe3+
31.Kh1 Nc7 32.Qc6 Ne8 33.Rfe1 Qf2 34.Re2 Qd4 35.Qd5 Qxd5 36.Bxd5 Nc7 37.Be4 Rd8
38.c6 h6 39.Rb1 hxg5 40.Rb7 Ne6 41.c7 Rf8 42.Rc2  1-0

[Event "Budapest FS12 GM"]
[Site "Budapest"]
[Date "1994.??.??"]
[Round "5"]
[White "Gyimesi, Zoltan"]
[Black "Szuk, Balazs"]
[Result "1-0"]
[WhiteElo "2430"]
[BlackElo "2335"]

1.d4 Nf6 2.c4 g6 3.Nc3 Bg7 4.e4 d6 5.Nf3 O-O 6.Be2 e5 7.O-O Nc6 8.d5 Ne7
9.Ne1 Nd7 10.Nd3 f5 11.Bd2 Nf6 12.f3 f4 13.g4 g5 14.b4 h5 15.h3 Ng6 16.Be1 Rf7
17.c5 Bf8 18.Bf2 Be7 19.Rc1 Bd7 20.b5 Rh7 21.c6 Bc8 22.Kg2 Kg7 23.Rg1 b6
24.Nb4 Qh8 25.Rh1 Rh6 26.Qg1 Qh7 27.a3 hxg4 28.hxg4 Bxg4 29.fxg4 Rh8 30.Rxh6 Qxh6
31.Kf1 Qh1 32.Qxh1 Rxh1+ 33.Bg1 Nh4 34.Nd3 Rh3 35.Nf2 Rg3 36.a4 f3 37.Bd1 Nxg4
38.Nxg4 Rxg4 39.Bf2 Kf7 40.Bxh4 gxh4 41.Bxf3  1-0